000
00346nam a22001577a 4500
005
20160614120005.0
008
160614b xxu||||| |||| 00| 0 eng d
041
_a
eng
082
_b
7396
100
_a
Pease, Allan
_9
1874
245
_a
Body language
260
_b
Sudha Publication
300
_a
149
650
_a
Management
_9
241
942
_c
BK
999
_c
2635
_d
2634